| 000 | 01027nam a2200229Ia 4500 | ||
|---|---|---|---|
| 999 |
_c15182 _d15182 |
||
| 003 | OSt | ||
| 005 | 20220112151317.0 | ||
| 008 | 160316s1996 xxu||||| |||| 00| 0 eng d | ||
| 020 | _a0421485000 | ||
| 040 | _c. | ||
| 082 |
_a345.02163 ALR _bALR |
||
| 100 | _aAlridge | ||
| 245 | _aArlidge and Parry on Fraud | ||
| 250 | _a2nd | ||
| 260 |
_aLondon _bSweet & Maxwell _c1996 |
||
| 300 |
_a609p _clxxix |
||
| 365 | _bRs.6,849.50 | ||
| 505 | _aContents; Preface ; Acknowledgment; Table Of Cases; Chp-1 Dishonesty Chp-2 Fraud Chp-3 Theft Chp-4 Deception Chp-5 Documents, Records And Accounts Chp-6 Company Fraud Chp-7 Corruption Chp-8 Frauds On Investors Chp-9 Frauds On Creditors Chp-10 Frauds On The Public Chp-11 Computer Fraud Chp-12 Jurisdiction Chp-13 The Investigation Of Serious Fraud Chp-14 The Prosecution Of Serious Fraud Chp-15 Presenting A Fraud Case Chp- 16 Evidence | ||
| 650 | _a1. Criminal Law - Offences - Frauds2. Criminal Law - Frauds | ||
| 700 |
_aParry _a |
||
| 942 |
_2ddc _cBK |
||